000 00990nam a22002295i 4500
001 158252
003 ES-MaACL
005 20250717094526.0
008 000424s1884 sp a |||| | spa d
040 _aCAM
_bspa
_cCAM
100 1 _aLusk, William Thompson (
_d1838-1897)
_9129159
245 1 0 _aCiencia y arte de los partos /
_cpor Guillermo Thompson Lusk; traducida de la segunda edición norte americana por Federico Toledo.
260 _aMadrid :
_bAdministración de la Revista de Medicina y Cirugía Prácticas :
_bimprenta y librería de Nicolás Moya,
_c1884.
300 _a801 p. :
_bil. ;
_c24 cm.
490 1 _aBiblioteca Económica de la Revista de Medicina y Cirugía Prácticas
650 7 _aObstetricia
_2embne
_915676
650 0 4 _aParto.
_915879
700 1 _aToledo de la Cueva, Federico.
_9110453
830 0 _aBiblioteca Económica de la Revista de Medicina y Cirugía Prácticas
_9182251
852 _aES-MaACL
_jF-12034
_z- Enc. pasta
999 _c158252
_d158252